000 01271nam a2200325 i 4500
001 bg
003 BPK
005 20240405063041.0
008 050901s1973 pl |000 0 pol
015 _aPB 1974/2096
040 _aWA N
_cBPK
041 0 _apol
080 _a026/027(438)
080 _a002.6(438)
100 1 _aBieniasz, Ewa.
245 1 0 _aBiblioteki i ośrodki informacji naukowej Rzeszowa i województwa rzeszowskiego :
_binformator /
_cEwa Bieniasz, Adam Dąbrowski.
260 _aWarszawa :
_bPolska Akademia Nauk, Ośrodek Dokumentacji i Informacji Naukowe ; Wyższa Szkoła Inżynierska, Biblioteka Główna,
_c1973 :
_f(Powiel. Ośr. Dok. i Inf. Nauk. PAN).
300 _a235 s. ;
_c25 cm.
490 1 _aPrace ODiIN PAN ;
_vnr 13.
650 4 _aBibliotekarstwo
_zPolska
_y1956-1989 r.
650 4 _aOśrodki informacji
_zPolska
_y1956-1989 r.
651 4 _aRzeszów (woj. podkarpackie ; okręg)
_xbibliotekarstwo
_y1956-1989 r.
655 4 _aInformator
648 4 _a1901-2000
648 4 _a1945-1989
700 1 _aDąbrowski, Adam.
830 0 _aPrace ODiIN PAN ;
_vnr 13.
856 _uhttp://koha.tu.koszalin.pl/cgi-bin/koha/opac-detail.pl?biblionumber=26186
942 _2UKD
_cKS
999 _c26186
_d26186